01426nab a2200397 i 450000100060000000300080000600500170001400600190003100700150005000800410006502200140010603500210012004000310014105000250017208000110019708200140020810000210022224501330024326400470037630000450042331000150046833600310048333700330051433800430054736200350059054600610062558801220068665000150080865000250082365000220084865500320087070000180090270000230092077300230094385600620096619580FlNmELB20241216213757.0m o d | cr cnu||||||||140501c20019999ve qr p o 0 b0spa d a1315-2076 a(OCoLC)949112045 aFINmELBbspaerdacFINmELB 4aTK7874.85bL563 2001 a620.220 a620.52231 aLeón, Natalia.10aEstimación del tiempo de residencia de un electrón en un alambre molecular /cNatalia León, Pedro Nieto, Vladimiro Mujica. 1aMaracaibo :bUniversidad del Zulia,c2001. a1 recurso en línea (383-390 páginas) aTrimestral atextobtxt2rdacontent/spa acomputadorabc2rdamedia/spa arecurso en líneabcr2rdacarrier/spa0 aVolumen 9, número 3 (2001) - aTexto en español, resúmenes en español e inglés. aDescripción basada en recurso en línea; Título de la página del título en PDF (e-libro, visto May 1, 2014). 0aNanowires. 0aElectronsxResearch. 4aNanotecnología. 4aArtículos electrónicos.1 aNieto, Pedro.1 aMujica, Vladimiro.0 tCienciax1315-207640uhttps://elibro.net/ereader/politecnicointernacional/16448